Eastern Utah Libraries Catalog: Duchesne, Heber, Roosevelt, & Vernal

Prince of Persia, the sands of time (Record no. 71761)

MARC details
000 -LEADER
fixed length control field 03652cgm a2200757Ia 4500
001 - CONTROL NUMBER
control field ocn646349447
003 - CONTROL NUMBER IDENTIFIER
control field OCoLC
005 - DATE AND TIME OF LATEST TRANSACTION
control field 20241220125640.0
008 - FIXED-LENGTH DATA ELEMENTS--GENERAL INFORMATION
fixed length control field 100708s2010 cau116 vleng d
007 - PHYSICAL DESCRIPTION FIXED FIELD--GENERAL INFORMATION
fixed length control field vd cvaizk
040 ## - CATALOGING SOURCE
Original cataloging agency TEFMT
Transcribing agency TEFMT
Modifying agency TEF
-- CCE
-- CGL
-- GK8
-- UPZ
-- BLV
-- UINTA
024 10 - OTHER STANDARD IDENTIFIER
Standard number or code 786936787542
028 42 - PUBLISHER NUMBER
Publisher number 100746
Source Walt Disney Studios Home Entertainment
035 ## - SYSTEM CONTROL NUMBER
System control number (OCoLC)646349447
037 ## - SOURCE OF ACQUISITION
Source of stock number/acquisition Midwest Tape
Note http://www.midwesttapes.com
041 1# - LANGUAGE CODE
Language code of text/sound track or separate title eng
-- fre
-- spa
-- fre
-- spa
Language code of original and/or intermediate translations of text eng
043 ## - GEOGRAPHIC AREA CODE
Geographic area code a-ir---
050 #4 - LIBRARY OF CONGRESS CALL NUMBER
Classification number PN1997.2
Item number .P75 2010
082 04 - DEWEY DECIMAL CLASSIFICATION NUMBER
Classification number 791.43/72
Edition number 22
049 ## - LOCAL HOLDINGS (OCLC)
Holding library UCLB
092 ## - LOCALLY ASSIGNED DEWEY CALL NUMBER (OCLC)
Classification number 791.437
130 0# - MAIN ENTRY--UNIFORM TITLE
Uniform title Prince of Persia, the sands of time (Motion picture)
9 (RLIN) 6212316
245 10 - TITLE STATEMENT
Title Prince of Persia, the sands of time
Medium [videorecording] /
Statement of responsibility, etc Walt Disney Pictures and Jerry Bruckheimer Films present ; a film by Mike Newell ; produced by Jerry Bruckheimer ; screen story by Jordan Mechner ; screenplay by Boaz Yakin and Doug Miro & Carlo Bernard ; directed by Mike Newell.
246 30 - VARYING FORM OF TITLE
Title proper/short title Sands of time
260 ## - PUBLICATION, DISTRIBUTION, ETC. (IMPRINT)
Place of publication, distribution, etc Burbank, Calif. :
Name of publisher, distributor, etc Walt Disney Studios Home Entertainment :
-- Distributed by Buena Vista Home Entertainment,
Date of publication, distribution, etc [2010]
300 ## - PHYSICAL DESCRIPTION
Extent 1 videodisc (ca. 116 min.) :
Other physical details sd., col. ;
Dimensions 4 3/4 in.
490 1# - SERIES STATEMENT
Series statement Disney DVD
511 1# - PARTICIPANT OR PERFORMER NOTE
Participant or performer note Jake Gyllenhaal, Ben Kingsley, Gemma Arterton, Alfred Molina.
538 ## - SYSTEM DETAILS NOTE
System details note DVD, widescreen (2.40:1) presentation; Dolby Digital 5.1 (English, dubbed French or Spanish) or 2.0 DVS (English).
546 ## - LANGUAGE NOTE
Language note English, dubbed French or dubbed Spanish dialogue, optional French or Spanish subtitles; English subtitles for the deaf and hard of hearing (SDH); closed-captioned.
508 ## - CREATION/PRODUCTION CREDITS NOTE
Creation/production credits note Director of photography, John Seale ; editors, Michael Khan, Mick Audsley, Martin Walsh ; music, Harry Gregson-Williams.
500 ## - GENERAL NOTE
General note Originally released as a motion picture in 2010.
500 ## - GENERAL NOTE
General note Based on the video game series "Prince of Persia" created by Jordan Mechner.
521 8# - TARGET AUDIENCE NOTE
Target audience note MPAA rating: PG-13; for intense sequences of violence and action.
520 ## - SUMMARY, ETC.
Summary, etc It's a race against time when a rogue prince (Jake Gyllenhaal) reluctantly teams up with a rival princess (Gemma Arterton) to safeguard a magical dagger that gives its possessor the power to reverse time and rule the world.
500 ## - GENERAL NOTE
General note Special features: An unseen world: making "Prince of Persia".
650 #0 - SUBJECT ADDED ENTRY--TOPICAL TERM
Topical term or geographic name as entry element Princes
Geographic subdivision Iran
Form subdivision Drama.
9 (RLIN) 6512665
650 #0 - SUBJECT ADDED ENTRY--TOPICAL TERM
Topical term or geographic name as entry element Princesses
Form subdivision Drama.
9 (RLIN) 5698097
650 #0 - SUBJECT ADDED ENTRY--TOPICAL TERM
Topical term or geographic name as entry element Time travel
Form subdivision Drama.
9 (RLIN) 5710993
651 #0 - SUBJECT ADDED ENTRY--GEOGRAPHIC NAME
Geographic name Iran
Form subdivision Drama.
9 (RLIN) 6512666
650 #7 - SUBJECT ADDED ENTRY--TOPICAL TERM
Topical term or geographic name as entry element Principes
Geographic subdivision Irán
Form subdivision Teatro.
Source of heading or term bidex
9 (RLIN) 6512667
650 #7 - SUBJECT ADDED ENTRY--TOPICAL TERM
Topical term or geographic name as entry element Princesas
Geographic subdivision Irán
Form subdivision Teatro.
Source of heading or term bidex
9 (RLIN) 6512668
655 #0 - INDEX TERM--GENRE/FORM
Genre/form data or focus term Action and adventure films.
9 (RLIN) 6212321
655 #0 - INDEX TERM--GENRE/FORM
Genre/form data or focus term Feature films.
9 (RLIN) 6212322
655 #0 - INDEX TERM--GENRE/FORM
Genre/form data or focus term Fiction films.
9 (RLIN) 6212323
655 #0 - INDEX TERM--GENRE/FORM
Genre/form data or focus term Video recordings for the hearing impaired.
9 (RLIN) 6212324
655 #7 - INDEX TERM--GENRE/FORM
Genre/form data or focus term Feature films.
Source of term gsafd
9 (RLIN) 6212322
700 1# - ADDED ENTRY--PERSONAL NAME
Personal name Bruckheimer, Jerry.
9 (RLIN) 61668
700 1# - ADDED ENTRY--PERSONAL NAME
Personal name Arterton, Gemma.
9 (RLIN) 5859361
700 1# - ADDED ENTRY--PERSONAL NAME
Personal name Gyllenhaal, Jake,
Dates associated with a name 1980-
9 (RLIN) 66333
700 1# - ADDED ENTRY--PERSONAL NAME
Personal name Molina, Alfred,
Dates associated with a name 1953-
9 (RLIN) 38362
700 1# - ADDED ENTRY--PERSONAL NAME
Personal name Kingsley, Ben,
Dates associated with a name 1943-
9 (RLIN) 20732
700 1# - ADDED ENTRY--PERSONAL NAME
Personal name Newell, Mike,
Dates associated with a name 1942-
9 (RLIN) 62065
700 1# - ADDED ENTRY--PERSONAL NAME
Personal name Mechner, Jordan.
9 (RLIN) 6212325
700 1# - ADDED ENTRY--PERSONAL NAME
Personal name Yakin, Boaz.
9 (RLIN) 57004
700 1# - ADDED ENTRY--PERSONAL NAME
Personal name Miro, Doug.
9 (RLIN) 6192182
700 1# - ADDED ENTRY--PERSONAL NAME
Personal name Bernard, Carlo.
9 (RLIN) 6192183
710 2# - ADDED ENTRY--CORPORATE NAME
Corporate name or jurisdiction name as entry element Walt Disney Pictures.
9 (RLIN) 22141
710 2# - ADDED ENTRY--CORPORATE NAME
Corporate name or jurisdiction name as entry element Jerry Bruckheimer Films.
9 (RLIN) 68716
710 2# - ADDED ENTRY--CORPORATE NAME
Corporate name or jurisdiction name as entry element Walt Disney Studios Home Entertainment (Firm)
9 (RLIN) 5731382
710 2# - ADDED ENTRY--CORPORATE NAME
Corporate name or jurisdiction name as entry element Buena Vista Home Entertainment (Firm)
9 (RLIN) 64615
830 #0 - SERIES ADDED ENTRY--UNIFORM TITLE
Uniform title Disney DVD.
9 (RLIN) 70029
942 ## - ADDED ENTRY ELEMENTS (KOHA)
Koha item type DVD
994 ## -
-- C0
-- UINTA
998 ## - LOCAL CONTROL INFORMATION (RLIN)
-- a137191
Holdings
Withdrawn status Lost status Source of classification or shelving scheme Damaged status Not for loan Collection code Home library Current library Shelving location Date acquired Source of acquisition Total Checkouts Total Renewals Full call number Barcode Date last seen Date checked out Cost, replacement price Price effective from Koha item type
    Dewey Decimal Classification     Movies Wasatch County Library Wasatch County Library Audio Visual Area 10/17/2023 Donation 2 3 DVD Prince 34301002003756 03/14/2025 09/12/2024 5.00 10/17/2023 DVD
This project was made possible through a grant from the Institute of Museum and Library Service administered by the Utah State Library Division.

Wasatch County Library

  • 465 East 1200 South, Heber City, Utah 84032
  • Phone 435-654-1511 | Fax 435-654-6456

Hours

  • Monday - Friday 9:30 AM - 8:00 PM
  • Saturday 9:30 AM - 1:30 PM
  • Closed Sundays and Holidays